Open Data Biblioteca Nacional de Portugal


República Portuguesa: Ministério da Cultura
Biblioteca Nacional de Portugal

Catálogo da BNP: acesso por Identificadores Unívocos
Registos Bibliográficos associados ao registo de autoridade

Etiqueta de registo: 00254nam 2200025 450
001 2288568
003 http://id.bnportugal.gov.pt/bib/catbnp/2288568
100 ## $a20260623d2022 k y0pory01030103ba
101 0# $apor$deng
102 ## $aPT
105 ## $aa m 000yy
106 ## $ar
200 1# $aLinha de vida$edesenhar metáforas do real$fBeatriz Dias Marques Soares Manteigas$gorient. José Artur Vitória de Sousa Ramos
210 #9 $aLisboa$c[s.n.],$d2022
215 ## $a320 p.$cil.$d30 cm
328 #1 $aTese dout. Belas-Artes (Desenho), Faculdade de Belas-Artes, Universidade de Lisboa, 2022
700 #1 $aManteigas,$bBeatriz Dias Marques Soares$32001348
702 #1 $aRamos,$bArtur,$f1966-$4727$31044453
801 #0 $aPT$bBN$gRPC
966 ## $lBN$mFGMON$x1
971 ## $cssilva$d20260623

OpendataBNP@bnportugal.pt | Mais informação sobre acesso aos dados BNP